Statistics for Countries of Mesoamerica (with a Map)

Click here to take the quiz!

General Stats

  • This quiz has been taken 119 times
  • The average score is 6 of 7

Answers on the Map

Answers color-coded by a green-red scale on the quiz's map according to % correct below.
 

Answer Stats

Country% Correct
Mexico
99%
Guatemala
93%
El Salvador
90%
Belize
87%
Costa Rica
87%
Honduras
87%
Nicaragua
86%

Score Distribution

Percentile by Number Answered

Percent of People with Each Score

Your Score History

You have not taken this quiz